Atrapado sin salida
Randle McMurphy (Jack Nicholson), un hombre condenado por asalto y un espíritu libre que vive contracorriente, es recluido en un hospital psiquiátrico. La inflexible disciplina del centro acentúa su contagiosa tendencia al desorden, que acabará desencadenando una guerra entre los pacientes y el pers...
Guardado en:
| Autor Principal: | |
|---|---|
| Autor Corporativo: | |
| Otros Autores: | , , , , , , , , , |
| Formato: | |
| Idioma: | Undetermined |
| Publicado: |
Estados Unidos :
United Artists,
1975.
|
| Materias: | |
| Etiquetas: |
Agregar Etiqueta
Sin Etiquetas, Sea el primero en etiquetar este registro!
|
| LEADER | 01695ngm a22003375a 4500 | ||
|---|---|---|---|
| 001 | CEM.cems020009 | ||
| 008 | 230424s1975####xx#---############vlund#d | ||
| 005 | 20230424201842.0 | ||
| 245 | 1 | 0 | |a Atrapado sin salida |h [videograbación] / |c Milos Forman. |
| 260 | |a Estados Unidos : |b United Artists, |c 1975. | ||
| 300 | |a 133. | ||
| 500 | |a Título en idioma original: One Flew Over the Cuckoo's Nest. | ||
| 520 | |a Randle McMurphy (Jack Nicholson), un hombre condenado por asalto y un espíritu libre que vive contracorriente, es recluido en un hospital psiquiátrico. La inflexible disciplina del centro acentúa su contagiosa tendencia al desorden, que acabará desencadenando una guerra entre los pacientes y el personal de la clínica con la fría y severa enfermera Ratched (Louise Fletcher) a la cabeza. La suerte de cada paciente del pabellón está en juego. La película está basada en la novela One Flew Over the Cuckoo's Nest de Ken Kesey. | ||
| 590 | |a Identificación anterior: 9 - La PC no la lee pero el reproductor de DVD sí | ||
| 100 | 1 | |a Forman, Milos. | |
| 700 | 1 | |a Douglas, Michael; Producción. | |
| 700 | 1 | |a Zaentz, Saul; Producción. | |
| 700 | 1 | |a Goldman, Bo; Guión. | |
| 700 | 1 | |a Nicholson, Jack; Reparto. | |
| 700 | 1 | |a Fletcher, Louise; Reparto. | |
| 700 | 1 | |a Redfield, William; Reparto. | |
| 700 | 1 | |a DeVito, Danny; Reparto. | |
| 700 | 1 | |a Lloyd, Christopher; Reparto. | |
| 700 | 1 | |a Dourif, Brad; Reparto. | |
| 700 | 1 | |a Sampson, Will; Reparto. | |
| 710 | 2 | |a United Artists. | |
| 653 | |a LARGOMETRAJE | ||
| 653 | |a FICCIÓN | ||
| 653 | |a DRAMA | ||
| 653 | |a COMEDIA DRAMÁTICA | ||
| 859 | |a CEMS |b BIB. CEMS - Depto. Recursos Didacticos |h 778.5 |i FOR |k DRD |p 2967.23 |t Ej.1 | ||
